|
|
|
|
| LEADER |
01235nam a22003134a 4500 |
| 001 |
27460 |
| 003 |
BD-DhAAL |
| 005 |
20130908120757.0 |
| 008 |
130908s2008 enka b 001 0 eng |
| 010 |
|
|
|a 2008278185
|
| 020 |
|
|
|a 9780340958773 (pbk.)
|
| 040 |
|
|
|a DLC
|c DLC
|d BD-DhAAL
|
| 050 |
0 |
0 |
|a PE1135
|b .C78 2008
|
| 082 |
0 |
0 |
|a 421/.58
|2 21
|
| 100 |
1 |
|
|a Cruttenden, Alan,
|d 1936-
|9 2952
|
| 245 |
1 |
0 |
|a Gimson's pronunciation of English /
|c revised by Alan Cruttenden.
|
| 246 |
3 |
0 |
|a Pronunciation of English
|
| 250 |
|
|
|a 7th ed.
|
| 260 |
|
|
|a London :
|b Hodder Education,
|c 2008.
|
| 300 |
|
|
|a xviii, 362 p. :
|b ill. ;
|c 24 cm.
|
| 500 |
|
|
|a Rev. ed. of: An introduction to the pronunciation of English. 4th ed. 1989.
|
| 504 |
|
|
|a Includes bibliographical references (p. [341]-353) and index.
|
| 541 |
|
|
|e 27460
|
| 650 |
|
0 |
|a English language
|x Phonetics.
|9 2953
|
| 650 |
|
0 |
|a English language
|x Pronunciation.
|9 2954
|
| 700 |
1 |
|
|a Gimson, A. C.
|t Introduction to the pronunciation of English.
|9 2955
|
| 942 |
|
|
|2 ddc
|c BK
|
| 999 |
|
|
|c 13937
|d 13937
|
| 952 |
|
|
|0 0
|1 0
|2 ddc
|4 0
|6 421_580000000000000_CRU
|7 0
|9 23333
|a BRACUL
|b BRACUL
|c GEN
|d 2013-09-08
|e Paragon Enterprise
|g 1280.00
|l 1
|m 2
|o 421.58 CRU
|p 3010027460
|r 2013-11-22
|s 2013-11-03
|t 1
|w 2013-09-08
|y BK
|